| 000 | 00548nam a2200181 i 4500 | ||
|---|---|---|---|
| 001 | 133848 | ||
| 003 | ES-MaACL | ||
| 005 | 20230906194538.0 | ||
| 007 | t| | ||
| 008 | 070831s1927 cu ||||1| spa d | ||
| 080 | _a9(729.1)"15" | ||
| 100 | 1 |
_aWright, Irene A. _9117412 |
|
| 245 | 1 | 0 |
_aHistoria documentada de San Cristóbal de La Habana en el siglo XVI / _cpor Irene A. Wright. |
| 260 |
_aLa Habana : _bImp. El Siglo XX, _c1927. |
||
| 300 |
_a2 v. ; _c28 cm. |
||
| 651 | 4 |
_aLa Habana- _xHistoria- _yS.XVI. _98900 |
|
| 852 |
_aES-MaACL _jG-7769-70 |
||
| 999 |
_c133848 _d133848 |
||